000 00553nam a2200229Ia 4500
003 OSt
005 20220924153218.0
006 a|||||r|||| 00| 0
007 ta
008 220923b |||||||| |||| 00| 0 guj d
024 _a347265
037 _cTextual
040 _aARTS
_cARTS
_bguj
041 _2guj
_aguj
082 _aO156,3NTH1,3, K0
100 _aThakur
_9154826
245 0 _aSati
260 _c1960
650 _aGUJRATI LITERATURE
942 _hO156,3NTH1,3, K0
_cTEXL
_2CC
999 _c472749
_d472749